Someone Very Important Has Just Died : Immediate Help For People Caring For Children Of All Ages At The Time Of A Close Bereavement (Record no. 589983)

MARC details
000 -LEADER
fixed length control field 00441nam a22001337a 4500
008 - FIXED-LENGTH DATA ELEMENTS--GENERAL INFORMATION
fixed length control field 250927b |||||||| |||| 00| 0 eng d
020 ## - INTERNATIONAL STANDARD BOOK NUMBER
ISBN 9781843102953
Paper back/Hardbound pbk
041 ## - LANGUAGE CODE
Language code of text/sound track or separate title eng
082 ## - DEWEY DECIMAL CLASSIFICATION NUMBER
Classification number 155.937083
Item number TUR
100 ## - MAIN ENTRY--AUTHOR NAME
Personal name Turner Mary
245 ## - TITLE STATEMENT
Title Someone Very Important Has Just Died : Immediate Help For People Caring For Children Of All Ages At The Time Of A Close Bereavement
Statement of responsibility, etc /Mary Turner
942 ## - ADDED ENTRY ELEMENTS (KOHA)
Koha item type English Books
Holdings
Withdrawn status Lost status Damaged status Not for loan Home library Current library Shelving location Date acquired Full call number Accession Number Price effective from Koha item type
        Anna Centenary Library Anna Centenary Library 3RD FLOOR, A WING 27.09.2025 155.937083 TUR 425046 27.09.2025 English Books

Find us on the map